Statistiques concernant Aide-mémoire Pokémon (25 & triples)

Cliquez ici pour prendre le quiz!

Statistiques générales

  • Ce quiz a été pris 12 fois
  • Le résultat moyen est 7 sur 44

Statistiques - réponses

Numéro PokédexPokémon% Correct
025Pikachu
89%
150Mewtwo
67%
250Ho-Oh
44%
666Prismillon
44%
500Roitiflam
44%
050Taupiqueur
44%
100Voltorbe
44%
200Feuforêve
33%
225Cadoizo
22%
222Corayon
22%
125Élektek
22%
075Gravalanch
22%
111Rhinocorne
22%
300Skitty
22%
175Togepi
22%
444Carmache
11%
400Castorno
11%
600Clic
11%
900Hachécateur
11%
375Métang
11%
800Necrozma
11%
700Nymphali
11%
888Zacian
11%
550Bargantua
0%
425Baudrive
0%
875Bekaglaçon
0%
750Bourrinos
0%
825Côléodome
0%
555Darumacho
0%
775Dodoala
0%
725Flamiaou
0%
475Gallame
0%
525Géolithe
0%
850Grillepattes
0%
450Hippodocus
0%
650Marisson
0%
575Mesmérella
0%
350Milobellus
0%
675Pandarbare
0%
625Scalproie
0%
325Spoink
0%
275Tengalice
0%
777Togedemaru
0%
333Tylton
0%

Distribution des résultats

Percentile par nombre de réponses

% des personnes avec chaque résultat

Votre développement - résultats

Vous n’avez pas pris ce quiz